000 01049cam a22001934a 4500
005 20250605164020.0
008 250528s ||||||||||||||||||||||||d
035 _a16312
040 _aGR-AtMCL
_bgre
_dGR-AtMCL
_eAACR2
245 1 _aInk on Paper / A Handbook Og the Graphic Arts
260 _bHarper & Row Publishers,
_c1963
300 _a328
505 0 _aWritten Language, The Latin Alphabet, Printing Types, Printers' Terms, Setting Type, Copyfitting, Proofreading, Layout, Letterpress, Printing Plates, Color, Color Printing, Intaglio, Offset Lithography, The Fine Arts, Cold Type, Paper, Ink, The Bindery, Planning Printing, Glossary, Index.
520 _aWritten Language, The Latin Alphabet, Printing Types, Printers' Terms, Setting Type, Copyfitting, Proofreading, Layout, Letterpress, Printing Plates, Color, Color Printing, Intaglio, Offset Lithography, The Fine Arts, Cold Type, Paper, Ink, The Bindery, Planning Printing, Glossary, Index.
700 1 _aArnold Edmund C.
_92390
942 _cBK
999 _c1824
_d1824